书目信息 |
| 题名: |
国际货物运输公约逐条解释
|
|
| 作者: | 杨长春 | |
| 分册: | ||
| 出版信息: | 北京 对外经济贸易大学 出版社 1999 |
|
| 页数: | 493 | |
| 开本: | 20cm | |
| 丛书名: | ||
| 单 册: | ||
| 中图分类: | F511.6 | |
| 科图分类: | ||
| 主题词: | 交通运输经济--概况--世界 | |
| 电子资源: | ||
| ISBN: | 7-81000-930-3 | |
| 000 | 00563nam0 2200181 450 | |
| 001 | 0760515518 | |
| 005 | 20070817164835.51 | |
| 010 | @a7-81000-930-3@d¥25.00 | |
| 100 | @a20070817d km y0chiy0120 ea | |
| 101 | 0 | @achi |
| 200 | 1 | @a国际货物运输公约逐条解释@Aguo ji huo wu yun shu gong yue zhu tiao jie shi@f杨长春@Fyang chang chun |
| 210 | @a北京@c对外经济贸易大学 出版社@d1999 | |
| 215 | @a493@d20cm | |
| 606 | 0 | @a交通运输经济@x概况@x世界 |
| 690 | @aF511.6@v3 | |
| 701 | 0 | @a杨长春@Ayang chang chun |
| 801 | 0 | @aCN@bPFT@c20070817 |
| 905 | @a213230@dF511.6@eg3@f1 | |
| 国际货物运输公约逐条解释/杨长春.-北京:对外经济贸易大学 出版社,1999 |
| 493;20cm |
| ISBN 7-81000-930-3:¥25.00 |
| ● |
| 相关链接 |
|
|
|
|
正题名:国际货物运输公约逐条解释
索取号:F511.6/g3
 
预约/预借
| 序号 | 登录号 | 条形码 | 馆藏地/架位号 | 状态 | 备注 |
| 1 | 6502238 | 265022389 | 密集书库-海洋学院/ [索取号:F511.6/g3] | 在馆 | |
| 2 | 6502239 | 265022398 | 密集书库-海洋学院/ [索取号:F511.6/g3] | 在馆 |